Deftones Charting Songs (Billboard Hot Rock) - Statistics

General Stats
  • This quiz has been taken 27 times
  • The average score is 11 of 17
Answer Stats
Album Weeks On Peak Artist(s) Song % Correct
Private Music 10 Weeks #11 Deftones My Mind is a Mountain
92%
Diamond Eyes 20 Weeks #14 Deftones Diamond Eyes
88%
Private Music 1 Week #30 Deftones I Think About You All The Time
88%
Private Music 3 Weeks #23 Deftones Milk of the Madonna
83%
Ohms 1 Week #31 Deftones Ohms
71%
Ohms 1 Week #38 Deftones Genesis
67%
Private Music 7 Weeks #15 Deftones Infinite Source
67%
Private Music 1 Week #31 Deftones Ecdysis
63%
Private Music 1 Week #41 Deftones Cut Hands
58%
Private Music 1 Week #48 Deftones Departing The Body
58%
Private Music 1 Week #35 Deftones Souvenir
58%
Private Music 1 Week #49 Deftones ~metal Dream
54%
Private Music 1 Week #43 Deftones cXz
50%
Private Music 1 Week #33 Deftones Locked Club
50%
Gore 2 Weeks #39 Deftones Prayers / Triangles
50%
Koi No Yokan 9 Weeks #44 Deftones Tempest
50%
Diamond Eyes 15 Weeks #34 Deftones You've Seen the Butcher
38%
No matching quizzes found
Score Distribution
Percent of People with Each Score
Percentile by Number Answered
Your Score History
You have not taken this quiz